Villes des Cévennes par images - Statistiques

Statistiques générales
  • Ce quiz a été pris 11 fois
  • Le résultat moyen est 4 sur 16
Statistiques - réponses
Par images Réponse % Correct
Alès
100%
Anduze
50%
Florac
50%
Villefort
50%
Génolhac
25%
Le Vigan
25%
Saint Ambroix
25%
Banne
13%
Bessèges
13%
Ispagnac
13%
La Grand Combe
13%
Meyrueis
13%
Mialet
13%
Nant
13%
Saint Jean du Gard
13%
Saint Paul le Jeune
13%
Aucun quiz correspondant
Distribution des résultats
% des personnes avec chaque résultat
Percentile par nombre de réponses
Votre historique - résultats
Vous n’avez pas pris ce quiz